Informedia in higher education / (Record no. 161851)

MARC details
000 -LEADER
fixed length control field 00678nam a2200229 a 4500
008 - FIXED-LENGTH DATA ELEMENTS--GENERAL INFORMATION
fixed length control field
020 ## - INTERNATIONAL STANDARD BOOK NUMBER
International Standard Book Number 8170003830(hbk.)
049 ## - LOCAL HOLDINGS (OCLC)
Holding library MAIN
090 ## - LOCALLY ASSIGNED LC-TYPE CALL NUMBER (OCLC); LOCAL CALL NUMBER (RLIN)
Classification number (OCLC) (R) ; Classification number, CALL (RLIN) (NR) Z5814.U7
Local cutter number (OCLC) ; Book number/undivided call number, CALL (RLIN) AMJ
003 - CONTROL NUMBER IDENTIFIER
control field
005 - DATE AND TIME OF LATEST TRANSACTION
control field 20230123134213.0
040 ## - CATALOGING SOURCE
Transcribing agency NUST
100 1# - MAIN ENTRY--PERSONAL NAME
Personal name Ali, Amjad
245 #0 - TITLE STATEMENT
Title Informedia in higher education /
Statement of responsibility, etc. Amjad Ali
260 ## - PUBLICATION, DISTRIBUTION, ETC.
Place of publication, distribution, etc. New Dehli :
Name of publisher, distributor, etc. Ess ess publications,
Date of publication, distribution, etc. 2004
300 ## - PHYSICAL DESCRIPTION
Extent 216 p. ;
Dimensions 21 cm.
504 ## - BIBLIOGRAPHY, ETC. NOTE
Bibliography, etc. note Includes bibliographical references.
500 ## - GENERAL NOTE
General note Includes index.
650 #1 - SUBJECT ADDED ENTRY--TOPICAL TERM
Topical term or geographic name entry element Library studies
General subdivision information services
Form subdivision higher education
907 ## - LOCAL DATA ELEMENT G, LDG (RLIN)
a .b10202432
b 09-04-08
c 11-05-06
942 ## - ADDED ENTRY ELEMENTS (KOHA)
Koha item type Ordinary Loan Books
Call number prefix Z5814.U7
Call number suffix AMJ
Holdings
Date last seen Total Checkouts Full call number Barcode Cost, replacement price Price effective from Koha item type Lost status Source of classification or shelving scheme Damaged status Not for loan Collection Withdrawn status Home library Current library Shelving location Date acquired Cost, normal purchase price
01/23/2023 17 Z5814.U7 ALI 92004002114 80.00 01/23/2023 BOOKS   LCC     NFIC   MAIN MAIN GEN 01/23/2023 80.00